Missing Word: Movie Titles with Full Names Quiz Stats

Quiz Updated May 15, 2015

Challenge
Share
Tweet
Embed
Score 0/24 Timer 04:00
0 Plays Today
Hint Missing Word % Correct
Ace ____: Pet DetectiveVentura
98.2%
Indiana ____ and the Temple of DoomJones
96.3%
Harry ____ and the Prisoner of AzkabanPotter
95.9%
Good Will ____Hunting
95.6%
Austin ____: International Man of MysteryPowers
94.5%
The Curious Case of ____ ButtonBenjamin
93.2%
____ Bueller's Day OffFerris
92.9%
____ Cassidy and the Sundance KidButch
92.3%
____ Jones's DiaryBridget
91.8%
Forgetting ____ MarshallSarah
89.1%
Being ____ MalkovichJohn
89.1%
What's Eating ____ Grape?Gilbert
85.2%
Hint Missing Word % Correct
____ Todd: The Demon Barber of Fleet StreetSweeney
83.4%
The Secret Life of Walter ____Mitty
82.1%
____ Snicket's A Series of Unfortunate EventsLemony
82%
Meet ____ BlackJoe
81.3%
Anchorman: The Legend of Ron ____Burgundy
79.8%
The People vs. ____ FlyntLarry
74%
Talladega Nights: The Ballad of ____ BobbyRicky
72.9%
Scott ____ vs. the WorldPilgrim
70.9%
____Wilson's WarCharlie
70.5%
The Exorcism of Emily ____Rose
65.4%
The Man Who Shot ____ ValanceLiberty
59.2%
The Life Aquatic with ____ ZissouSteve
53.3%

Today's Daily Dose

Missing Word
Jazz Songs 'C'

On This Day
January 18th

You're not logged in!

Compare scores with friends on all Sporcle quizzes.
Sign Up with Email
OR
Log In

You Might Also Like...

Show Comments

Extras

Top Quizzes Today


Score Distribution

Your Account Isn't Verified!

In order to create a playlist on Sporcle, you need to verify the email address you used during registration. Go to your Sporcle Settings to finish the process.